Awrāq Miṣrīyah : muhdāh ilá ustādh al-ḥaḍārah al-miṣrīyah al-ustādh al-duktūr Muḥammad Bayyūmī Mahrān

محفوظ في:

المؤلف الرئيسي: mushrif ʻalá al-taḥrīr al-ustādh al-duktūr Ḥasan Muḥammad Muḥī al-Dīn al-Saʻdī., Ḥasan Muḥammad Muḥyī al-Dīn Saʻdī.

التنسيق: كتاب

اللغة: Undetermined

منشور في: al-Iskandariyah, : Dār al-Maʻrifah al-Jāmiʻīyah,, 2005.

الموضوعات:

الوسوم: إضافة وسم

لا توجد وسوم, كن أول من يضع وسما على هذه التسجيلة!

رقم الطلب: DT85 .A9

LEADER 00868nam a2200169Ia 4500
008 240329s9999||||xx |||||||||||||| ||und||
050 4 |a DT85 .A9 
100 1 |a mushrif ʻalá al-taḥrīr al-ustādh al-duktūr Ḥasan Muḥammad Muḥī al-Dīn al-Saʻdī., Ḥasan Muḥammad Muḥyī al-Dīn Saʻdī. 
245 1 0 |a Awrāq Miṣrīyah : muhdāh ilá ustādh al-ḥaḍārah al-miṣrīyah al-ustādh al-duktūr Muḥammad Bayyūmī Mahrān  |c mushrif ʻalá al-taḥrīr al-ustādh al-duktūr Ḥasan Muḥammad Muḥī al-Dīn al-Saʻdī., Ḥasan Muḥammad Muḥyī al-Dīn Saʻdī 
264 1 |a al-Iskandariyah, :  |b Dār al-Maʻrifah al-Jāmiʻīyah,,  |c 2005. 
300 |a 403  |c 23 CM 
650 |a  332 B.C.-638 A.D 
650 |a Civilization 
650 |a Egypt Civilization 332 B.C.-638 A.D 
650 |a Egypt Intellectual life Sources 
942 |2 lcc  |c BK 
999 |c 57665  |d 57665